Statistics for Hockey (NHL) Penalties

Click here to take the quiz!

General Stats

  • This quiz has been taken 1,557 times
    (1,556 since last reset)
  • The average score is 14 of 28

Answer Stats

HintAnswer% Correct
A player shoves his stick between the skates of another player.Tripping
85%
A player hits another player with his elbow.Elbowing
75%
Two players get into a fight where the gloves and masks come off.Fighting
74%
A player deliberately swings his stick at another player (and not the puck).Slashing
74%
Seven players are on the iceToo many men on the ice
73%
A player's stick makes contact with another player above the shoulder.High-sticking
72%
A player checks someone who is just coming off the bench.Interference
69%
A player restrains another player with his stick.Hooking
66%
A player shoves another player face first into the side of the rink.Boarding
65%
A team deliberately holds off on sending a player for a faceoff.Delay of game
65%
A player checks the opposing goaltender.Goaltender interference
65%
A player calls another player a racial slur.Unsportsmanlike conduct
61%
A player yanks another player to the ice by the uniform.Holding
59%
A player raises his stick with both hands and skates the stick into another player.Cross-checking
58%
A player flops on the ice to draw a penalty.Diving
58%
A player takes more than three strides (or jumps) before hitting another player.Charging
55%
A player not near the puck shoves another player.Roughing
50%
A player kicks an opponent with his skate or skate blade.Kicking
49%
A player jabs the blade end of his stick at another player.Spearing
48%
A player headbutts an opposing player.Headbutting
45%
A player, during a fight, bites the ungloved hand of his opponent.Biting
44%
A player jabs the non-blade end of his stick at another player.Butt-ending
28%
A player throws his stick at the puck to knock it into the goal.Throwing the stick
20%
A player checks (bumps into) another player below the knees.Clipping
15%
A player who is fighting sticks his fingers in his opponent's eye.Eye gouging
11%
The coach of a team calls the referee a filthy name.Abuse of officials
6%
A player deliberately tries to cut a fallen player with his skate.Attempt to injure
4%
A goaltender skates out to the corner to clear a puck.Leaving the crease
3%

Score Distribution

Percentile by Number Answered

Percent of People with Each Score

Your Score History

You have not taken this quiz since the last reset